| 000 | 01541nam a2200361 a 4500 | ||
|---|---|---|---|
| 003 | BLK | ||
| 005 | 20230728005202.0 | ||
| 008 | 180408b bul|||||r ||||||| ||bul|| | ||
| 040 | _aBLK | ||
| 041 |
_aBUL _cBUL |
||
| 080 |
_aБългарска литература _b821.163.2 _x-94 _z821.163.2-94 |
||
| 080 |
_aАприлско въстание (1876). Четата на Хр. Ботев _b94(497.2)"1876" _z94(497.2)"1876" |
||
| 100 |
_aСтоянов, Захарий _gСтоянов, Захари _d1850-1889 _qДжедев, Джендо Стоянов _9364101 |
||
| 245 | 1 | 0 |
_aИз "Записки по българските въстания" _bРазказ на очевидци 1870 - 1876 _cЗахарий Стоянов. |
| 250 | _aНово изд. | ||
| 257 | _aBGR | ||
| 260 |
_bБълг. писател _c1988 _fВраца : печ. В. Александров _aСофия |
||
| 300 |
_a472 с. _c20 см |
||
| 380 | _aX | ||
| 490 |
_aБиблиотека за ученика _9201322 |
||
| 651 | 4 |
_aБългария _9241624 |
|
| 653 | _aАприлско въстание | ||
| 653 | _aнационалноосвободителни движения | ||
| 653 | _aбългарска история | ||
| 852 | _aЦб 153812 | ||
| 856 | 4 | _qpdf | |
| 856 | 4 | _qpdf | |
| 942 |
_cKNG _n0 _02 |
||
| 944 |
_aCR _c02.03.2006 _lCRON CRON _k |
||
| 944 |
_aED _c18.09.2015 _kТеодора_Стоянова |
||
| 999 |
_c54668 _d54668 |
||
| 999 | _d54668 | ||